Sports Quiz

Random Sports or NFL Quiz

2010 Hall of Fame Inductees: MLB, NBA, NFL Quiz Stats

 Plays Quiz not verified by Sporcle

Score 0/15 Timer 10:00
0 Plays Today
Year of Induction Player % Correct
NBAKarl Malone
86.7%
NBAScottie Pippen
77.8%
NFLJerry Rice
75.6%
NFLEmmitt Smith
75.6%
MLBAndre Dawson
62.2%
NBAJerry Buss
57.8%
MLBWhitey Herzog
44.4%
NBADennis Johnson
44.4%
Year of Induction Player % Correct
NBAGus Johnson
44.4%
NFLJohn Randle
37.8%
NFLRickey Jackson
35.6%
NFLFloyd Little
28.9%
NFLRuss Grimm
26.7%
NFLDick LeBeau
24.4%
MLBDoug Harvey
15.6%

You're not logged in!

Compare scores with friends on all Sporcle quizzes.
OR
Log In

Show Comments

Extras

Top Quizzes Today


Score Distribution

Your Account Isn't Verified!

In order to create a playlist on Sporcle, you need to verify the email address you used during registration. Go to your Sporcle Settings to finish the process.

Report this User

Report this user for behavior that violates our Community Guidelines.

Details: